Comparison of Flow Cytometric Analysis of Cytological Specimens with Cell Block/Tissue Biopsy Immunosistochemistry in Hematolymphoid Neoplasms. (Record no. 1851760)

MARC details
000 -LEADER
fixed length control field 00980nam a2200361Ia 4500
005 - DATE AND TIME OF LATEST TRANSACTION
control field 20260514124355.0
008 - FIXED-LENGTH DATA ELEMENTS--GENERAL INFORMATION
fixed length control field 008 261405s9999 xx 000 0 eng d
037 ## -
-- Thesis
040 ## - CATALOGING SOURCE
-- CRL
040 ## - CATALOGING SOURCE
Language of cataloging eng
040 ## - CATALOGING SOURCE
Transcribing agency CRL
041 ## - LANGUAGE CODE
Language code of text eng
084 ## - COLON CLASSIFICATION NUMBER
-- CRL
100 ## - MAIN ENTRY--PERSONAL NAME
Student/researcher name Dr.Pallavi Prakhar
245 #0 - TITLE STATEMENT
Title Comparison of Flow Cytometric Analysis of Cytological Specimens with Cell Block/Tissue Biopsy Immunosistochemistry in Hematolymphoid Neoplasms.
260 ## - PUBLICATION, DISTRIBUTION, ETC.
Place of publication, distribution, etc. Delhi
260 ## - PUBLICATION, DISTRIBUTION, ETC.
Name of publisher, distributor, etc. University of Delhi
260 ## - PUBLICATION, DISTRIBUTION, ETC.
Date of publication, distribution, etc. 2015
300 ## - PHYSICAL DESCRIPTION
Extent 63p.
502 ## - Thesis Note
Degree type Ph.D.
502 ## - Thesis Note
Name of granting institution University of Delhi
502 ## - Thesis Note
Year degree granted 2015
650 ## - SUBJECT ADDED ENTRY--TOPICAL TERM
LCSH or local subjects Pathology
700 ## - ADDED ENTRY--PERSONAL NAME
Supervisor / Guide name Dr.Manoj Andley
700 ## - ADDED ENTRY--PERSONAL NAME
Supervisor / Guide name Dr.Monisha Choudhury,
700 ## - ADDED ENTRY--PERSONAL NAME
Supervisor / Guide name Dr.Sunia Sharma,
700 ## - ADDED ENTRY--PERSONAL NAME
Supervisor / Guide name Dr.Varinder Singh
942 ## - ADDED ENTRY ELEMENTS (KOHA)
Koha item type Thesis
100 ## - MAIN ENTRY--PERSONAL NAME
-- 1239663
541 ## - IMMEDIATE SOURCE OF ACQUISITION NOTE
-- Thesis
650 ## - SUBJECT ADDED ENTRY--TOPICAL TERM
-- 1239640
700 ## - ADDED ENTRY--PERSONAL NAME
-- 1239456
700 ## - ADDED ENTRY--PERSONAL NAME
-- 1239664
700 ## - ADDED ENTRY--PERSONAL NAME
-- 1239665
700 ## - ADDED ENTRY--PERSONAL NAME
-- 1239666
999 ## -
-- 1851760
-- 1851760
Holdings
Withdrawn status Lost status Not for loan Home library Current library Date acquired Accession Number Koha item type
      Central Library Central Library 2026-05-14 TH0027992 Thesis
Copyright @ Delhi University Library System